Advanced engineering mathematics (Record no. 1337)

000 -LEADER
fixed length control field 00610nam a2200217 a 4500
001 - CONTROL NUMBER
control field 1337
003 - CONTROL NUMBER IDENTIFIER
control field BD-DhUET
008 - FIXED-LENGTH DATA ELEMENTS--GENERAL INFORMATION
fixed length control field 980909s1999 nyua b 001 0 eng
020 ## - INTERNATIONAL STANDARD BOOK NUMBER
International Standard Book Number 047133328X
040 ## - CATALOGING SOURCE
Original cataloging agency DLC
Transcribing agency DLC
Modifying agency BD-DhUET
082 00 - DEWEY DECIMAL CLASSIFICATION NUMBER
Classification number 530.15
Item number KRE/1999
100 ## - MAIN ENTRY--PERSONAL NAME
Personal name Kreyszig, Erwin
245 10 - TITLE STATEMENT
Title Advanced engineering mathematics
250 ## - EDITION STATEMENT
Edition statement 8th ed.
260 ## - PUBLICATION, DISTRIBUTION, ETC. (IMPRINT)
Place of publication, distribution, etc. New Delhi
Name of publisher, distributor, etc. John Wiley & Sons
Date of publication, distribution, etc. 1999
300 ## - PHYSICAL DESCRIPTION
Extent xvi,1156 p.+ various paging
504 ## - BIBLIOGRAPHY, ETC. NOTE
Bibliography, etc Includes bibliographies
650 #0 - SUBJECT ADDED ENTRY--TOPICAL TERM
Topical term or geographic name as entry element Engineering mathematics
856 41 - ELECTRONIC LOCATION AND ACCESS
Uniform Resource Identifier http://www.loc.gov/catdir/toc/onix04/98037591.html
942 ## - ADDED ENTRY ELEMENTS (KOHA)
Koha item type General Book
Holdings
Koha full call number Copy number Withdrawn status Price effective from Koha renewals Koha date last borrowed Piece designation (barcode) Koha item type Shelving location Sublocation or collection (holding branch) Date acquired Koha date last seen Not for loan Koha normalized classification for sorting Location (home branch) Koha issues (times borrowed) Damaged status Source of classification or shelving scheme Lost status
530.15/KRE/19991 2014-09-03 2024-01-30103814General BookCirculation sectionCentral Library, BUET2014-09-032024-03-06 530_000000000000000_15KRE1999Central Library, BUET2   
530.15/KRE/19992 2014-09-03  103815General BookCirculation sectionCentral Library, BUET2014-09-032014-09-03 530_000000000000000_15KRE1999Central Library, BUET    
530.15/KRE/19993 2014-09-03 2024-01-22103816General BookCirculation sectionCentral Library, BUET2014-09-032024-02-03 530_000000000000000_15KRE1999Central Library, BUET6   
530.15/KRE/19994 2014-09-03 2024-01-30103817General BookCirculation sectionCentral Library, BUET2014-09-032024-02-17 530_000000000000000_15KRE1999Central Library, BUET3   
530.15/KRE/19995 2014-09-03 2024-01-30103818General BookCirculation sectionCentral Library, BUET2014-09-032024-02-19 530_000000000000000_15KRE1999Central Library, BUET5   
530.15/KRE/19996 2014-10-2722024-01-3097509General BookCirculation sectionCentral Library, BUET2014-10-272024-02-05 530_150000000000000_KRE_1999Central Library, BUET8   
530.15/KRE/19997 2015-06-16  96647Reading ItemReading sectionCentral Library, BUET2015-06-162015-06-16 530_150000000000000_KRE_1999Central Library, BUET    
530.15/KRE/19998 2017-05-28 2025-12-0197508General BookCirculation sectionCentral Library, BUET2003-05-102026-01-18 530_150000000000000_KRE_1999Central Library, BUET8